01831cam a22003738i 450000100090000000300090000900500170001800800410003502000250007602000220010103500200012304000380014308200190018110000430020024502130024325000200045626400440047626400100052030000580053033600260058833700280061433800270064250001060066950400510077550502600082665000450108665000460113165300240117765500280120190600450122994200120127499900170128695201540130319780916EG-ScBUE20220221102249.0170705s2018 paua f bf 001 0 eng d a9781496321299 (pbk.) a1496321294 (pbk.) a(DNLM)101708830 aDNLM/DLCbengerdacDLCdEG-ScBUE04a615.1222bELD1 aElder, Deborah Lester,eauthor.93623212aA practical guide to contemporary pharmacy practice and compounding /cDeborah Lester Elder, PharmD, RPh, BPharm, BS, Clinical Associate Professor, College of Pharmacy, University of Georgia, Athens, Georgia. aFourth edition. 1aPhiladelphia :bWolters Kluwer,c[2018] 4cc2018 axii, 739 pages :billustrations (some color) ;c28 cm atext2rdacontentbtxt aunmediated2rdamediabn avolume2rdacarrierbnc aPreceded by: A practical guide to contemporary pharmacy practice / Judith E. Thompson. 3rd ed. c2009. aIncludes bibliographical references and index.0 aProcessing the prescription -- Calculations -- Compounding drug preparations -- Pharmaceutical excipients -- Nonsterile dosage forms and their preparation -- Sterile dosage forms and their preparation -- Veterinary pharmacy -- Compatibility and stability. 7aPharmacyvOutlines, syllabi, etc.2BUEsh 7aPharmacyvHandbooks, manuals, etc.2BUEsh bPPhrmcFebruary2022 2aHandbooksvReading book a7bcbccorignewd1eecipf20gy-gencatlg 2ddccBB c29792d29763 00102ddc40708BaccahaMAINbMAINc1STd2022-02-21ePurchaseg1980.00h36423l0o615.1 ELDp000056152r2025-07-15 00:00:00v2475.00w2022-02-21yBB